Revista Bienestar y Polt̕ica Social

Bibliographic Details
Format: eBook
Language:Spanish
Published: Ciudad de Mx̌ico: Conferencia Interamericana de Seguridad Social (CISS), 2005 - 2014
Subjects:
Online Access:Acceso restringido

MARC

LEADER 00000nam a22000007a 4500
005 20191018014551.0
007 cr|||| ||||
008 191018c20052014mx ar|w s|||| 0|||b1spa d
022 |a 1870-2953 
035 |a 5384 
040 |a vLex 
090 |c 9901  |d 9901 
245 0 0 |a Revista Bienestar y Polt̕ica Social  |h [Recurso electrn̤ico] / 
256 |a Servicio en ln̕ea 
260 |a Ciudad de Mx̌ico:  |b Conferencia Interamericana de Seguridad Social (CISS),  |c 2005 - 2014 
300 |a 1 recurso electrn̤ico 
310 |a Anual 
362 |a Nð 1 (Jul. 2005) - Nð 9 (Ene. 2014) 
506 1 |a Disponible solo en los productos indicados  |d vLex Global  |d vLex Global (Academic Edition, excluding Law Schools)  |d vLex Global (U.S. Academic Edition, Law Schools)  |d vLex Global (U.S. Academic Edition, excluding Law Schools)  |d vLex Global (Academic Edition, Law Schools) 
650 0 4 |a Derecho Pb︢lico y Administrativo  |z Mx̌ico 
740 0 |a vLex Revistas (Servicio en ln̕ea) 
856 4 0 |u http://vlex.com/source/revista-bienestar-politica-social-5384  |z Acceso restringido 
942 |c REV 
999 0 |a Public and Administrative Law